The only two countries in the world - Statistics

General Stats
  • This quiz has been taken 61 times
    4 since last reset
  • The average score is 14 of 15
Answer Stats
The only two countries in the world that... Country % Correct
Has over 100 million portuguese speakers Angola / Brazil
100%
Border China and India Bhutan / Nepal
100%
Have a sultan Brunei / Oman
100%
Share the Hans Island Canada / Denmark
100%
Border the United States Canada / Mexico
100%
Have a population of over 1 billion China / India
100%
Are the island nations on the Mediterranean Sea Cyprus / Malta
100%
Has 5 words in his name Dem. Rep. Congo / Saint Vincent and the Grenadines
100%
Are doubly landlocked Liechtenstein / Uzbekistan
100%
Has "north" on his name North Korea / North Macedonia
100%
End in "guay" Paraguay / Uruguay
100%
Start with P and are in Europe Poland / Portugal
100%
Start with Z Zambia / Zimbabwe
100%
Was created in 2006 Montenegro / Serbia
67%
Lie on Lake Peipus Estonia / Russia
0%
No matching quizzes found
Score Distribution
Percent of People with Each Score
Percentile by Number Answered
Your Score History
You have not taken this quiz since the last reset